La Realidad y la teoría económica en América Latina ante el reto de la crisis /

sin resumen

Guardat en:
Dades bibliogràfiques
Autor principal: Martínez, Osvaldo
Format: Text
Matèries:
Etiquetes: Afegir etiqueta
Sense etiquetes, Sigues el primer a etiquetar aquest registre!

MARC

LEADER 00000 a a2200000 04500
001 11583
003
040
100 |a Martínez, Osvaldo  
245 |a La Realidad y la teoría económica en América Latina ante el reto de la crisis /  |c Osvaldo Martínez 
520 |a sin resumen  
650 |a TEORIA ECONOMICA  
650 |a DESARROLLO ECONOMICO Y SOCIAL  
650 |a ECONOMIA INTERNACIONAL  
773 |g número 390; páginas 6-23  
999 |c 23802  |d 23802 
773 0 |0 43275  |9 4814  |d París, Francia EDITOR (s):Prensa Latina. Agencia Informativa Latinoamericana  |o MFN: 1141  |t Panorama Económico Latinoamericano /